| 000 | 00833nam a2200253Ia 4500 | ||
|---|---|---|---|
| 005 | 20220317000609.0 | ||
| 008 | 160601s2003 mx a g 000 0 spa | ||
| 020 | _a9681668928 | ||
| 082 | 0 | 4 |
_a531.6 _bT65o |
| 100 | 1 | _aTonda, Juan | |
| 245 | 1 | 3 |
_aEl oro solar y otras fuentes de energía _cJuan Tonda |
| 250 | _a3a. edición | ||
| 300 |
_a152 páginas _bilustraciones _c21 cm |
||
| 650 | 1 | 4 |
_2LEMB _aEnergía _xInvestigaciones |
| 650 | 1 | 4 |
_2LEMB _aEnergía solar _xAplicaciones |
| 650 | 1 | 4 |
_2LEMB _aEnergía nuclear _xInvestigaciones |
| 650 | 1 | 4 |
_2LEMB _aRecursos energéticos |
| 942 |
_2ddc _cBK |
||
| 264 |
_aMéxico _bFondo de Cultura Económica _c2003 |
||
| 336 |
_atexto _btxt _2rdacontent |
||
| 337 |
_asin mediación _bn _2rdamedia |
||
| 338 |
_avolumen _bnc _2rdacarrier |
||
| 040 |
_aCO-BoRNBP _bspa _erda _cCO-BoRNBP |
||
| 999 |
_c4517 _d4517 |
||